| 000 | 01161nam a2200337 i 4500 | ||
|---|---|---|---|
| 001 | 768714001 | ||
| 003 | CO-MdFUSB | ||
| 005 | 20210203125102.0 | ||
| 007 | ta | ||
| 008 | 201001t1991 -us |||| |||| 00| 0 eng d | ||
| 020 | _a1556611609 | ||
| 040 |
_aCO-MdFUSB _bspa _cCO-MdFUSB _dCO-MdFUSBC _erda |
||
| 041 | _aeng | ||
| 082 |
_223 _a253 _bJ66 |
||
| 100 |
_aJohnson, David _eautor |
||
| 245 | 1 | 4 |
_aThe subtle power of spiritual abuse : _brecognizing and escaping spiritual manipulation and false spiritual authority within the church _c/ David Johnson , Jeffrey VanVonderen |
| 264 | 1 |
_aEstados Unidos : _bBethany House Publisher, _c[1991] |
|
| 264 | 4 | _c© 1991 | |
| 300 |
_a´234 páginas _c; 22 cm |
||
| 336 |
_2rdacontent _atexto _btxt |
||
| 337 |
_2rdamedia _asin mediación _bn |
||
| 338 |
_2rdacarrier _avolumen _bnc |
||
| 505 | _aAbuso espiritual y víctimas. - Líderes abusivos y por qué están atrapados. - Recuperación post abuso. | ||
| 563 | _aRústico | ||
| 650 | 0 |
_92014 _aLiderazgo |
|
| 650 | 7 |
_9227 _aTeología pastoral |
|
| 700 |
_94867 _aVanVonderen, Jeffrey. _eautor |
||
| 942 | _cBK | ||
| 945 | _aJTF-925 | ||
| 999 |
_c66618 _d66618 |
||